International marketing strategy : analysis, development and implementation

Αποθηκεύτηκε σε:
Λεπτομέρειες βιβλιογραφικής εγγραφής
Κύριος συγγραφέας: Doole, Isobel
Άλλοι συγγραφείς: Lowe, Robin, 1945-
Μορφή: Βιβλίο
Γλώσσα:English
Δημοσίευση: London : International Thompson Business Press, c1999
Έκδοση:2nd ed.
Θέματα:
Ετικέτες: Προσθήκη ετικέτας
Δεν υπάρχουν, Καταχωρήστε ετικέτα πρώτοι!

MARC

LEADER 00000cam a2200000 i 4500
001 1/17937
008 010306s1999 eng d
020 |a 1-86152-472-2 
035 |l 10066314 
040 |a GR-MY-UA  |b gre  |e aacr 
041 0 |a eng 
082 0 |a 658.848 
100 1 |a Doole, Isobel. 
245 1 0 |a International marketing strategy :  |b analysis, development and implementation /  |c Isobel Doole and Robin Lowe 
250 |a 2nd ed. 
260 |a London :   |b International Thompson Business Press,   |c c1999 
300 |a xix, 572 p. 
504 |a Includes index 
650 0 0 |a Export marketing. 
700 1 |a Lowe, Robin,   |d 1945- 
852 |a INST  |b CHIOS  |e 20010306  |h 658.848 DOO  |p 005200021557  |q 005200021557  |t BK  |y 0 
901 |a BIBL2-2001-1 
909 |a Χ  |b 083377 
970 |a ΣΑΛΑΜΟΥΡΑ  |b ΜΑΡΙΑ  |z 2001/03/06